000 00732nam a22002417a 4500
003 dpl
005 20180524145213.0
008 180524b xxu||||| |||| 00| 0 eng d
010 _aA-936248
020 _c195.00
_a9780195643633
035 _aA-936248, A-936255
037 _bCen Lib/Ret
040 _aDPL
_bEN
_c0
082 _a921
_bGHA
245 _aGhalib the poet and his age /
_cedited by Ralph Russell
260 _aNew York
_bDelhi Oxford University Press
_c1997
270 _aNew York
_bNew York
300 _a131p.
_c20cm(pbk)
650 _aUrdu Poetry
_928693
650 _aGhalib, Mirza Asadullah Khan, -- 1797-1869.
_928694
700 _aRussell, Ralph
_923606
942 _2ddc
_cEN
_h921
_mGHA
999 _c130243
_d130243